Detalles MARC
| 000 -LÍDER |
| Campo fijo de descripción fija |
02028aam a2200337 i 4500 |
| 001 - NÚMERO DE CONTROL |
| Campo de control |
768714001 |
| 003 - IDENTIFICADOR DEL NÚMERO DE CONTROL |
| Campo de control |
CO-MdFUSB |
| 005 - FECHA Y HORA DE LA ULTIMA TRANSACCIÓN |
| control field |
20231205151534.0 |
| 007 - CAMPO FIJO DE DESCRIPCIÓN FIJA--INFORMACIÓN GENERAL |
| Campo fijo de descripción fija |
ta |
| 008 - ELEMENTOS DE LONGITUD FIJA -- INFORMACIÓN GENERAL |
| Campo fijo de descripción fija -- Información general |
231003t19991999spa||||g |||| 00| 0 spa d |
| 020 ## - NÚMERO INTERNACIONAL NORMALIZADO PARA LIBROS |
| Número Internacional Normalizado del libro |
8482671057 |
| 040 ## - FUENTE DE CATALOGACIÓN |
| Agencia de catalogación original |
CO-MdFUSB |
| Idioma de catalogación |
spa |
| Agencia que realiza la transcripción |
CO-MdFUSB |
| Agencia que realiza la modificación |
CO-MdFUSBC |
| Convenciones de la descripción |
rda |
| 041 ## - CÓDIGO DE IDIOMA |
| Código de idioma para texto/pista de sonido o título separado |
spa |
| 082 ## - NÚMERO DE CLASIFICACIÓN DECIMAL DEWEY |
| Número de la edición del Dewey |
23 |
| Número de clasificación |
254.1 |
| Clave de autor-Numero de item |
AL447 |
| 100 ## - ASIENTO PRINCIPAL--NOMBRE PERSONAL |
| Nombre personal |
Almeda, Francisco Luis, |
| Término relacionador |
autor |
| 245 ## - TÍTULO |
| Título del Material |
Obra nueva desde la pastoral |
| Mención de responsabilidad, etc. |
/ Francisco Luis Almeda Carmona |
| 264 #1 - PRODUCCIÓN, PUBLICACIÓN, DISTRIBUCIÓN, MANUFACTURA, Y COPYRIGHT |
| Lugar de producción, publicación, distribución, manufactura |
Barcelona, España : |
| Nombre del productor, publicador, distribuidor |
Clie, |
| Fecha de producción, publicación, distribución, manufactura, o copyright |
[1999] |
| 264 #4 - PRODUCCIÓN, PUBLICACIÓN, DISTRIBUCIÓN, MANUFACTURA, Y COPYRIGHT |
| Fecha de producción, publicación, distribución, manufactura, o copyright |
©1999 |
| 300 ## - DESCRIPCIÓN FÍSICA |
| Extensión |
115 páginas |
| Dimensiones |
; 23 cm |
| 336 ## - TIPO DE CONTENIDO |
| Fuente |
rdacontent |
| Término de tipo de contenido |
texto |
| Código de tipo de contenido |
txt |
| 337 ## - TIPO DE MEDIO |
| Fuente |
rdamedia |
| Nombre del tipo de medio |
sin mediación |
| Código del tipo de medio |
n |
| 338 ## - TIPO DE SOPORTE |
| Fuente |
rdacarrier |
| Nombre del tipo de soporte |
volumen |
| Código Tipo de soporte |
nc |
| 504 ## - NOTA DE BIBLIOGRAFÍA, ETC. |
| Nota de bibliografía, etc |
Incluye bibliografía |
| 505 ## - NOTA DE CONTENIDO |
| Nota de contenido con formato preestablecido |
I. Introducción -- II. La escritura y la Voluntad de Dios como fundamento -- III. Los modelos a seguir en Obra Nueva -- IV. El modelo de Pastor (Anciano) es fundamental para la O.N -- V. Problemas que impiden la Obra Nueva en la Iglesia -- VI. La relación del Avivamiento con la Obra Nueva -- VII. Diez pasos para la fundación de la Obra Nueva -- VIII. La Iglesia Local y su relación moral-espiritual con la Obra Nueva -- IX. La Iglesia Local y su relación con el sustento de la Obra Nueva -- X. La relación entre las misiones nacionales y extranjeras con la Obra Nueva de una Iglesia Local -- XI. Conclusión. |
| 520 ## - NOTA DE RESUMEN, ETC. |
| Nota de sumario, etc. |
Algunos llaman "plantar Iglesias". Otros lo califican como "obra pionera"; pero la definición más común y conocida es la de "obra nueva".<br/>El nombre poco importa... Lo que importa son los resultados. Y los resultados, tristemente, no son halagüeños. En líneas generales, no estamos cumpliendo con la predicación del Evangelio como se debiera...<br/>¿por qué? porque tenemos escasa visión de reproducción y utilizamos métodos y medios evangelísticos excesivamente sofisticados y complejos. |
| 563 ## - NOTA DE ENCUADERNACIÓN |
| Nota de encuadernación |
Rústico |
| 650 #0 - ASIENTO SECUNDARIO DE MATERIA - TERMINO TEMÁTICO |
| 9 (RLIN) |
362 |
| Término temático o nombre geográfico como elemento de entrada |
Evangelización |
| 653 ## - TÉRMINO DE INDIZACIÓN - NO CONTROLADO |
| Término no controlado |
Fundación de iglesias |
| 942 ## - TIPO DE MATERIAL (KOHA) |
| Tipo de Item KOHA |
Libros General |
| 945 ## - INFORMACIÓN LOCAL DEL REGISTRO |
| Catalogador |
sor1564 |